Rules of the Committee on Education and Labor : together with pertinent House rule : 105th Congress : adopted November 6, 1997.

Bibliographic Details
Corporate Authors: United States. Congress. House. Committee on Education and the Workforce, ProQuest (Firm)
Format: eBook
Language:English
Published: Washington : U.S. G.P.O., 1997.
Series:U.S. Congressional Research.
Subjects:
Online Access:Connect to the full text of this electronic book

MARC

Tag First Indicator Second Indicator Subfields
LEADER 00000cam a22000001a 4500
001 in00003277331
006 m d f
007 cr bn mmmapmmp
008 101011s1997 dcu o f000 0 eng d
005 20260501193335.4
035 |a cis2007818650 
040 |a LexisNexis  |c LexisNexis  |d UtOrBLW 
043 |a n-us--- 
099 |a CMP-1997-HEW-0002 
110 1 |a United States.  |b Congress.  |b House.  |b Committee on Education and the Workforce. 
245 1 0 |a Rules of the Committee on Education and Labor :  |b together with pertinent House rule : 105th Congress : adopted November 6, 1997. 
264 1 |a Washington :  |b U.S. G.P.O.,  |c 1997. 
300 |a 1 online resource. 
336 |a text  |b txt  |2 rdacontent 
337 |a computer  |b c  |2 rdamedia 
338 |a online resource  |b cr  |2 rdacarrier 
500 |a Record is based on bibliographic data in LexisNexis U.S. Congressional Research Digital Collection. Reuse except for individual research requires license from LexisNexis. 
500 |a Electronic resource. 
610 1 0 |a United States.  |b Congress.  |b House.  |b Committee on Education and the Workforce  |v Rules and practice. 
655 7 |a Electronic books.  |2 local 
710 2 |a ProQuest (Firm) 
776 0 8 |i Print version:   |a United States. Congress. House. Committee on Education and the Workforce.  |t Rules of the Committee on Education and Labor 
776 0 8 |i Microfiche version:   |a United States. Congress. House. Committee on Education and the Workforce.  |t Rules of the Committee on Education and Labor   |d [Bethesda, Md.] :LexisNexis Academic & Library Solutions,1998.   |o CIS 98 H342-4  |w (LexisNexis)cis09800320 
830 0 |a U.S. Congressional Research. 
856 4 0 |u http://proxy.library.tamu.edu/login?url=https://congressional.proquest.com/congcomp/getdoc?CRDC-ID=CMP-1997-HEW-0002  |z Connect to the full text of this electronic book  |t 0 
998 |a cis09800320 
999 |a MARS 
999 f f |s 2e5ccb47-0044-392c-b58d-7c4a6a1746f2  |i fe38b6cd-1602-3835-a3b2-a5f21dfdcf9f  |t 0 
952 f f |a Texas A&M University  |b College Station  |c Electronic Resources  |s www_evans  |d Available Online  |t 0  |e CMP-1997-HEW-0002  |h Other scheme 
998 f f |a CMP-1997-HEW-0002  |t 0  |l Available Online